000 00416nam a2200181Ia 4500
003 OSt
005 20240429090259.0
008 230312s9999||||xx |||||||||||||| ||und||
040 _bEnglish
082 _a337.09
_bKRE
100 _aKreinin, Mordechani, E
245 0 _aInternational Economics
260 _bHBJ
_aLondon
_c1987
300 _a465
546 _aEng.
650 _aEconomics
_vTarrifs
942 _cBK
_2ddc
999 _c2380
_d2380